El trabajo de los minusválidos en Francia (Registro nro. 30254)
[ vista simple ]
| 000 -CABECERA | |
|---|---|
| Longitud fija campo de control | 01222naa a2200325 c 4500 |
| 001 - NÚMERO DE CONTROL | |
| Número de control | 30254 |
| 003 - IDENTIFICADOR DE NÚMERO DE CONTROL | |
| Identificador del número de control | ES-MaCES |
| 005 - FECHA Y HORA DE LA ÚLTIMA TRANSACCIÓN | |
| Fecha y hora de la última transacción | 19990528131500.0 |
| 008 - CAMPO FIJO DE DESCRIPCIÓN FIJA--INFORMACIÓN GENERAL | |
| Códigos de información de longitud fija | 980618n1998 sp ||| | spa d |
| 035 ## - NÚMERO DE CONTROL DEL SISTEMA | |
| Número de control del sistema | CES19980042039v |
| 040 ## - FUENTE DE CATALOGACIÓN | |
| Centro catalogador de origen | ES-MaCES |
| Lengua de catalogación | spa |
| Centro transcriptor | ES-MaCES |
| 100 1# - ENCABEZAMIENTO PRINCIPAL--NOMBRE PERSONAL | |
| Nombre de persona | Auvergnon, Philippe |
| 9 (RLIN) | 6747 |
| 245 13 - MENCIÓN DE TÍTULO | |
| Título | El trabajo de los minusválidos en Francia |
| Resto del título | : la Ley y su utilización |
| Mención de responsabilidad, etc. | Philippe Auvergnon |
| 610 14 - ASIENTO SECUNDARIO DE MATERIA--NOMBRE CORPORATIVO | |
| Nombre de entidad corporativa o nombre de jurisdicción como elemento inicial | Francia |
| Título de la obra | Ley sobre el empleo de los trabajadores minusválidos |
| Fecha del congreso o de la firma de un tratado | 1987 |
| 9 (RLIN) | 3692 |
| 650 #4 - ASIENTO SECUNDARIO DE MATERIA--TÉRMINO DE MATERIA | |
| Término de materia o nombre geográfico como elemento inicial | 1987 |
| 9 (RLIN) | 30861 |
| 650 #4 - ASIENTO SECUNDARIO DE MATERIA--TÉRMINO DE MATERIA | |
| Término de materia o nombre geográfico como elemento inicial | legislación del trabajo |
| 9 (RLIN) | 27166 |
| 650 #4 - ASIENTO SECUNDARIO DE MATERIA--TÉRMINO DE MATERIA | |
| Término de materia o nombre geográfico como elemento inicial | Francia |
| 9 (RLIN) | 26943 |
| 650 #4 - ASIENTO SECUNDARIO DE MATERIA--TÉRMINO DE MATERIA | |
| Término de materia o nombre geográfico como elemento inicial | inserción profesional |
| 9 (RLIN) | 29942 |
| 650 #4 - ASIENTO SECUNDARIO DE MATERIA--TÉRMINO DE MATERIA | |
| Término de materia o nombre geográfico como elemento inicial | integración de las personas con discapacidad |
| 9 (RLIN) | 29681 |
| 650 #4 - ASIENTO SECUNDARIO DE MATERIA--TÉRMINO DE MATERIA | |
| Término de materia o nombre geográfico como elemento inicial | derechos de las personas con discapacidad |
| 9 (RLIN) | 29698 |
| 650 #4 - ASIENTO SECUNDARIO DE MATERIA--TÉRMINO DE MATERIA | |
| Término de materia o nombre geográfico como elemento inicial | responsabilidad del empleador |
| 9 (RLIN) | 30146 |
| 650 #4 - ASIENTO SECUNDARIO DE MATERIA--TÉRMINO DE MATERIA | |
| Término de materia o nombre geográfico como elemento inicial | empleo protegido |
| 9 (RLIN) | 29334 |
| 650 #4 - ASIENTO SECUNDARIO DE MATERIA--TÉRMINO DE MATERIA | |
| Término de materia o nombre geográfico como elemento inicial | empleo reservado |
| 9 (RLIN) | 29337 |
| 650 #4 - ASIENTO SECUNDARIO DE MATERIA--TÉRMINO DE MATERIA | |
| Término de materia o nombre geográfico como elemento inicial | trabajador con discapacidad |
| 9 (RLIN) | 28406 |
| 653 10 - TÉRMINO DE INDEXACIÓN--NO CONTROLADO | |
| Término no controlado | Empleo |
| 773 0# - ENTRADA DE DOCUMENTO FUENTE | |
| Título | Relaciones laborales |
| Parte(s) relacionada(s) | Año 9, n. 9 (8 may. 1993){10194 R. 001570}; p. 102-120 |
| Número de control del registro relacionado | (ES-MaCES)25210 |
| Itemnumber del ítem fuente | 42687 |
| 902 ## - CES. TIPO DE DOCUMENTO | |
| Tipodoc (006$c Sirtex) | ART Artículo de revista |
| 942 ## - ELEMENTOS KOHA | |
| Fuente de clasificaión o esquema | Clasificación propia del CES |
| Koha [por defecto] tipo de item | Artículos (1982-2017) |
| Parte de clasificación | 2.1. |
No hay ítems disponibles.
